Spelled the Same Slideshow Quiz Stats

 Plays Quiz Updated Feb 14, 2015

Score 0/15 Timer 04:00
4 Plays Today
% Correct
Watch
99.9%
Fly
99.5%
Bow
99.3%
Sink
99.3%
Nail
99.2%
Tear
99%
Wave
97.7%
Sign
97.4%
% Correct
Box
97.4%
Match
97.2%
Light
96.9%
Row
96.6%
Park
89.4%
Console
72.4%
Lead
69.3%

You're not logged in!

Compare scores with friends on all Sporcle quizzes.
OR
Log In

Sporcle TV

Today on Sporcle TV


Watch our educational content, quiz creation guides, and fun videos on Sporcle TV.

Show Comments

Extras

Top Quizzes Today


Score Distribution

Your Account Isn't Verified!

In order to create a playlist on Sporcle, you need to verify the email address you used during registration. Go to your Sporcle Settings to finish the process.

Report this User

Report this user for behavior that violates our Community Guidelines.

Details: